Adjustment for trade studies on industrial adjustment problems and policies
保存先:
| フォーマット: | 図書 |
|---|---|
| 言語: | Undetermined |
| 出版事項: |
Paris
OECD
1975
|
| 主題: | |
| タグ: |
タグ追加
タグなし, このレコードへの初めてのタグを付けませんか!
|
| Thư viện lưu trữ: | Trung tâm Học liệu Trường Đại học Cần Thơ |
|---|
| LEADER | 00440nam a2200145Ia 4500 | ||
|---|---|---|---|
| 001 | CTU_77811 | ||
| 008 | 210402s9999 xx 000 0 und d | ||
| 082 | |a 382 | ||
| 082 | |b A235 | ||
| 245 | 0 | |a Adjustment for trade studies on industrial adjustment problems and policies | |
| 260 | |a Paris | ||
| 260 | |b OECD | ||
| 260 | |c 1975 | ||
| 650 | |a Commercial policy,Industrial policy,Tariff | ||
| 980 | |a Trung tâm Học liệu Trường Đại học Cần Thơ | ||